Statistics for Capitals Of Countries Bordering Turkey

Click here to take the quiz!

General Stats

  • This quiz has been taken 37 times
    (19 since last reset)
  • The average score is 7 of 8

Answer Stats

Capital% Correct
Athens
100%
Sofia
100%
Damascus
94%
Baghdad
88%
Baku
88%
Tbilisi
88%
Tehran
88%
Yerevan
82%

Score Distribution

Percentile by Number Answered

Percent of People with Each Score

Your Score History

You have not taken this quiz since the last reset